Films cultes des années 1990 - Statistiques

Statistiques générales
  • Ce quiz a été pris 19 835 fois
  • Le résultat moyen est 12 sur 20
Statistiques - réponses
Description Film % Correct
1997 Une romance sur un transatlantique qui n'arrivera jamais à bon port Titanic
86%
1993 Deux hommes découvrent que la France a bien changé depuis le XIIe siècle Les Visiteurs
85%
1990 Deux cambrioleurs malchanceux s'attaquent à une maison très bien défendue Maman j'ai raté l'avion
85%
1994 Un homme raconte sa vie trépidante en attendant le bus Forrest Gump
81%
1993 Un milliardaire veut ouvrir un zoo hors-normes malgré les alertes de scientifiques Jurassic Park
77%
1994 Un homme à lunettes apprend le métier de tueur à gage à une fille de 12 ans Léon
73%
1999 Un informaticien prend une pilule pour découvrir l'envers du décor Matrix
72%
1998 Des hommes s'amusent à ridiculiser leurs invités lors de repas mondains Le Dîner de cons
68%
1998 Un homme se révèle être une star de la téléréalité malgré lui The Truman Show
64%
1990 La création inachevée d'un inventeur rend service en taillant des haies Edward aux mains d'argent
58%
1995 Un cow-boy a peur de ne plus être aimé après l'arrivée d'un astronaute Toy Story
57%
1999 Un homme et son drôle d'ami ouvrent un club sportif pour évacuer leur mal-être Fight Club
56%
1994 Un tueur en série s'attaque à des projectionnistes, en plein festival de Cannes La Cité de la Peur
52%
1995 Un jeune homme trouve le revolver d'un policier, après une bavure dans sa cité La Haine
50%
1994 Des truands, un boxeur, sa femme, un braquage de restaurant, le tout dansle désordre avec plein de dialogues et une bande son géniale Pulp Fiction
46%
1997 Un père déguise l'atrocité humaine en jeu pour préserver l'innocence de son fils La vie est belle
45%
1997 Un chauffeur de taxi part en croisière spatiale avec une femme rousse pour sauver l'humanité Le Cinquième Élément
43%
1994 Un prince quitte son royaume, accusé par son oncle du meurtre du roi Le Roi Lion
38%
1995 Un tueur en série assurément pieux veut purger la société de ses maux Seven
34%
1995 L'interrogatoire d'un homme infirme, visant à démasquer un génie du crime Usual Suspects
27%
Aucun quiz correspondant
Distribution des résultats
% des personnes avec chaque résultat
Percentile par nombre de réponses
Votre historique - résultats
Vous n’avez pas pris ce quiz